000
00249nam a22000857a 4500
008
160915b xxu||||| |||| 00| 0 eng d
100
_9
542
_a
Abdul Kalam A.P.J
245
_a
My life: An illustrated autobiography
260
_a
New Delhi
_b
Rupa publication
_c
2015
999
_c
3199
_d
3199